Statistics for Sharks

Click here to take the quiz!

General Stats

  • This quiz has been taken 59 times
  • The average score is 7 of 9

Answer Stats

HintAnswer% Correct
Most Deadly SharkGreat White shark
100%
Tied as Third Deadliest SharkTiger Shark
95%
Second Deadliest SharkBull Shark
93%
Tool-shaped HeadHammerhead Shark
91%
Fastest SharkMako Shark
73%
Lives in ReefGray Reef Shark
66%
Least Deadly SharkWhale Shark
66%
Goes Near the Bottom of the OceanNurse Shark
59%
Scales Near its EyesLemon Shark
36%

Score Distribution

Percentile by Number Answered

Percent of People with Each Score

Your Score History

You have not taken this quiz